Преобразователь частоты для питания электромагнитного привода вибрационных машин; Известия Томского политехнического института [Известия ТПИ]; Т. 211 : Сборник научных трудов научно-исследовательского института автоматики и электромеханики

Bibliografiset tiedot
Parent link:Известия Томского политехнического института [Известия ТПИ]/ Томский политехнический институт (ТПИ).— , 1944-1976
Т. 211 : Сборник научных трудов научно-исследовательского института автоматики и электромеханики.— 1970.— [С. 10-14]
Päätekijä: Житков М. А.
Muut tekijät: Захаров Б. А.
Yhteenveto:Заглавие с титульного листа
Электронная версия печатной публикации
Kieli:venäjä
Julkaistu: 1970
Aiheet:
Linkit:Черно-белая версия для предварительного просмотра
Цветная версия без потери качества
Aineistotyyppi: MixedMaterials Elektroninen Kirjan osa
KOHA link:https://koha.lib.tpu.ru/cgi-bin/koha/opac-detail.pl?biblionumber=224357

MARC

LEADER 00000nla2a2200000 4500
001 224357
005 20231031200354.0
035 |a (RuTPU)RU\TPU\book\244662 
035 |a RU\TPU\book\244661 
090 |a 224357 
100 |a 20121025d1970 k y0rusy50 ca 
101 0 |a rus 
102 |a RU 
135 |a drnn ---uucaa 
181 0 |a i  
182 0 |a b 
200 1 |a Преобразователь частоты для питания электромагнитного привода вибрационных машин  |b Электронный ресурс  |f М. А. Житков, Б. А. Захаров 
203 |a Текст  |c электронный 
215 |a 2 файла (162 Кб, 4.1 Мб) 
230 |a Электронные текстовые данные (2 файла : 162 Кб, 4.1 Мб) 
300 |a Заглавие с титульного листа 
300 |a Электронная версия печатной публикации 
337 |a Adobe Reader 
461 1 |0 (RuTPU)RU\TPU\book\200995  |t Известия Томского политехнического института [Известия ТПИ]  |f Томский политехнический институт (ТПИ)  |d 1944-1976 
463 1 |0 (RuTPU)RU\TPU\book\244660  |t Т. 211 : Сборник научных трудов научно-исследовательского института автоматики и электромеханики  |v [С. 10-14]  |d 1970  |p 216 с. 
610 1 |a электронный ресурс 
610 1 |a труды учёных ТПУ 
700 1 |a Житков  |b М. А. 
701 1 |a Захаров  |b Б. А. 
801 1 |a RU  |b 63413507  |c 20090320  |g PSBO 
801 2 |a RU  |b 63413507  |c 20121226  |g PSBO 
856 4 |u http://www.lib.tpu.ru/fulltext/v/Bulletin_TPU/1970/v211/02_bw.pdf  |z Черно-белая версия для предварительного просмотра 
856 4 |u http://www.lib.tpu.ru/fulltext/v/Bulletin_TPU/1970/v211/02_full.pdf  |z Цветная версия без потери качества 
942 |c CF